Fauna: Animal and bird kingdom in sanskrit literature. (Record no. 1392419)

MARC details
000 -LEADER
fixed length control field 00717nam a2200229Ia 4500
005 - DATE AND TIME OF LATEST TRANSACTION
control field 20250508164955.0
008 - FIXED-LENGTH DATA ELEMENTS--GENERAL INFORMATION
fixed length control field 008 250505s9999 xx 000 0 eng d
020 ## - INTERNATIONAL STANDARD BOOK NUMBER
International Standard Book Number 978-81-95776-2-1
037 ## - SOURCE OF ACQUISITION
Stock number Textual
040 ## - CATALOGING SOURCE
Original cataloging agency FEDL
Language of cataloging eng
Transcribing agency FEDL
041 ## - LANGUAGE CODE
Language code of text/sound track or separate title eng
Source of code eng
084 ## - COLON CLASSIFICATION NUMBER
Classification number 891.2, KUL
Assigning agency FEDL
100 ## - MAIN ENTRY--PERSONAL NAME
Personal name Kulshreshtha Abha Ed.
245 #0 - TITLE STATEMENT
Title Fauna: Animal and bird kingdom in sanskrit literature.
260 ## - PUBLICATION, DISTRIBUTION, ETC.
Place of publication, distribution, etc. Delhi, India
Name of publisher, distributor, etc. Sanskrit Sangeet Kala Prakashan
Date of publication, distribution, etc. 2005
300 ## - PHYSICAL DESCRIPTION
Extent xxvi,396p.
365 ## - TRADE PRICE
Price type code INR
Price amount 1200
490 ## - SERIES STATEMENT
Series statement Kalidasa academy of sanskrit music and fine arts series; 13
546 ## - LANGUAGE NOTE
Language note Manika Dhawal festschrift.
942 ## - ADDED ENTRY ELEMENTS (KOHA)
Koha item type Textual
Classification part 891.2, KUL
Holdings
Withdrawn status Lost status Damaged status Not for loan Home library Current library Date acquired Cost, normal purchase price Total Checkouts Full call number Barcode Date last seen Price effective from Koha item type
        Department of Education Library Department of Education Library 2025-05-08 1200.00   891.2, KUL EL0086049 2025-05-08 2025-05-08 Textual
Copyright @ Delhi University Library System